[Event "Peterborough 4NCL Easter U2000 op"]
[Site "Peterborough"]
[Date "2024.04.01"]
[Round "7"]
[White "Rubeck, Jonathan"]
[Black "Taylor, Robert Keith"]
[Result "1-0"]
[WhiteElo "1839"]
[BlackElo "1914"]
[PlyCount "37"]
[EventDate "2024.03.29"]
[EventType "swiss"]
[EventRounds "7"]
[EventCountry "ENG"]
[SourceTitle "CB14_2024"]
[SourceDate "2024.04.01"]
[SourceVersion "1"]
[SourceVersionDate "2024.04.01"]
[SourceQuality "1"]

1. e4 e5 2. Nf3 Nc6 3. d4 exd4 4. Bc4 Nf6 5. e5 d5 6. Bb5 Ne4 7. Nxd4 Bd7 8. Bxc6 bxc6 9. 0-0 Bc5 10. Be3 0-0 11. f3 Ng5 12. f4 Ne4 13. Nd2 Qb8 14. Nxe4 dxe4 15. Rb1 a5 16. c3 Rd8 17. Qh5 Qc8 18. e6 Bxd4 19. Qxf7+ 1-0

[Event "BCF-chT3E 2223 (4NCL)"]
[Site "England"]
[Date "2023.01.08"]
[Round "4.33"]
[White "Rubeck, Jonathan"]
[Black "Hedger, Alec"]
[Result "1-0"]
[WhiteElo "1918"]
[BlackElo "2007"]
[PlyCount "65"]
[EventDate "2022.11.05"]
[EventType "team-tourn"]
[EventRounds "11"]
[EventCountry "ENG"]
[SourceTitle "EXT 2024"]
[Source "ChessBase"]
[SourceDate "2023.10.10"]
[SourceVersion "1"]
[SourceVersionDate "2023.10.10"]
[SourceQuality "1"]
[WhiteTeam "Watford"]
[BlackTeam "Sussex Martlets II"]
[WhiteTeamCountry "ENG"]
[BlackTeamCountry "ENG"]

1. e4 c5 2. c3 Nf6 3. e5 Nd5 4. d4 cxd4 5. cxd4 d6 6. Nf3 Nc6 7. Bc4 Nb6 8. Bb5 d5 9. Nc3 Bg4 10. h3 Bh5 11. g4 Bg6 12. e6 f6 13. 0-0 Qd6 14. Re1 h5 15. g5 Bf5 16. Nh4 Bxe6 17. Ng6 Rh7 18. Qd3 f5 19. Bf4 Qd7 20. Ne5 Qc8 21. Rac1 Nc4 22. Nxc4 dxc4 23. Qe2 Bd7 24. Qxc4 g6 25. Nd5 Rg7 26. Nf6+ Kd8 27. Nxd7 Qxd7 28. d5 a6 29. Bxc6 bxc6 30. dxc6 Qc8 31. c7+ Ke8 32. Qc6+ Kf7 33. Qxa8 1-0

[Event "London Classic Super rapid 8th"]
[Site "London"]
[Date "2016.12.17"]
[Round "1"]
[White "Shabalov, Alexander"]
[Black "Rubeck, Jonathan"]
[Result "1-0"]
[WhiteElo "2563"]
[BlackElo "1774"]
[PlyCount "67"]
[EventDate "2016.12.17"]
[EventType "swiss (rapid)"]
[EventRounds "10"]
[EventCountry "ENG"]
[SourceTitle "CBM 176 Extra"]
[Source "ChessBase"]
[SourceDate "2017.03.02"]
[SourceVersion "1"]
[SourceVersionDate "2017.03.02"]
[SourceQuality "1"]

1. e4 e6 2. d4 d5 3. e5 c5 4. c3 Nc6 5. Nf3 Bd7 6. Be2 f6 7. 0-0 fxe5 8. dxe5 Nge7 9. c4 d4 10. Bd3 Qc7 11. Re1 0-0-0 12. a3 h6 13. b4 cxb4 14. axb4 Be8 15. b5 Bh5 16. bxc6 Nxc6 17. Nbd2 Bb4 18. Be4 Rhf8 19. Ba3 Bxf3 20. Bxf3 Rxf3 21. Bxb4 Rxf2 22. Kxf2 Nxb4 23. Ne4 Qxe5 24. Rxa7 Kb8 25. Ra4 Qxh2 26. Qf3 Qh4+ 27. Kf1 Qh1+ 28. Ke2 d3+ 29. Kd2 Qh2 30. Rxb4 Qe5 31. Rxb7+ Kc8 32. Rb5 Qd4 33. Nd6+ Qxd6 34. Qb7# 1-0

[Event "London Golders Green op U1900 5th"]
[Site "London"]
[Date "2015.01.18"]
[Round "5"]
[White "Balakrishnan, Kathirvel"]
[Black "Rubeck, Jonathan"]
[Result "0-1"]
[WhiteElo "1600"]
[BlackElo "1804"]
[PlyCount "96"]
[EventDate "2015.01.17"]
[EventType "swiss"]
[EventRounds "5"]
[EventCountry "ENG"]
[SourceTitle "EXT 2018"]
[Source "ChessBase"]
[SourceDate "2017.10.13"]
[SourceVersion "1"]
[SourceVersionDate "2017.10.13"]
[SourceQuality "1"]

1. d4 Nf6 2. c4 Nc6 3. Nf3 e6 4. g3 Bb4+ 5. Bd2 Bxd2+ 6. Nbxd2 d6 7. Bg2 e5 8. d5 Ne7 9. e4 Ng6 10. 0-0 0-0 11. b4 Ne8 12. b5 f5 13. exf5 Bxf5 14. Re1 Qd7 15. Ne4 Bg4 16. Qd3 Qf5 17. Re3 Qh5 18. Nfg5 Bf5 19. Qe2 Qh6 20. Ne6 Bxe6 21. dxe6 Rb8 22. Rf3 Ne7 23. Rxf8+ Kxf8 24. Qf3+ Nf6 25. Nxf6 gxf6 26. Qe3 Qxe3 27. fxe3 Kg7 28. e4 b6 29. Bh3 Kg6 30. Rf1 a6 31. Rc1 a5 32. a4 Re8 33. Rf1 Kg7 34. Bf5 Ng6 35. Bxg6 hxg6 36. g4 Rxe6 37. Kg2 Re8 38. Kg3 Rc8 39. Rd1 g5 40. Kf3 Kf7 41. Ke3 Rh8 42. Rh1 Rh3+ 43. Kd2 Ra3 44. h4 gxh4 45. Rxh4 Kg7 46. Rh5 Rxa4 47. Kc3 Ra3+ 48. Kb2 Rg3 0-1

[Event "London Golders Green op U1900 5th"]
[Site "London"]
[Date "2015.01.17"]
[Round "2"]
[White "Philpott, William J"]
[Black "Rubeck, Jonathan"]
[Result "0-1"]
[WhiteElo "1640"]
[BlackElo "1804"]
[PlyCount "92"]
[EventDate "2015.01.17"]
[EventType "swiss"]
[EventRounds "5"]
[EventCountry "ENG"]
[SourceTitle "EXT 2018"]
[Source "ChessBase"]
[SourceDate "2017.10.13"]
[SourceVersion "1"]
[SourceVersionDate "2017.10.13"]
[SourceQuality "1"]

1. e4 c6 2. d4 d5 3. e5 Bf5 4. Bd3 Bxd3 5. Qxd3 Qa5+ 6. Bd2 Qa6 7. Qf3 e6 8. Ne2 Ne7 9. 0-0 Nf5 10. c3 Nd7 11. Ng3 g6 12. Nxf5 gxf5 13. Bf4 c5 14. Rc1 Qb6 15. b3 cxd4 16. Qd3 dxc3 17. Nxc3 a6 18. Na4 Qb4 19. Qe3 Rg8 20. Rc7 Qe4 21. Qxe4 fxe4 22. Rxb7 Rc8 23. Rxd7 Kxd7 24. Nb6+ Kd8 25. Nxc8 Kxc8 26. Be3 Ba3 27. Bd4 Kb7 28. g3 Rc8 29. Be3 Rc2 30. Bf4 Bc5 31. Rb1 Rxf2 32. Kh1 Rxa2 33. b4 Bd4 34. Rb3 Rb2 35. Rxb2 Bxb2 36. Kg2 Bc3 37. Kf1 Bxb4 38. Ke2 Bc5 39. Bc1 Bd4 40. Bf4 Kc6 41. Kd1 Kb5 42. Kc2 Kc4 43. h4 a5 44. g4 a4 45. h5 a3 46. Kb1 Kb3 0-1

[Event "London Golders Green op U1900 4th"]
[Site "London"]
[Date "2014.08.25"]
[Round "6"]
[White "Rubeck, Jonathan"]
[Black "Karia, Rishul"]
[Result "1-0"]
[WhiteElo "1788"]
[BlackElo "1664"]
[PlyCount "51"]
[EventDate "2014.08.23"]
[EventType "swiss"]
[EventRounds "6"]
[EventCountry "ENG"]
[SourceTitle "EXT 2018"]
[Source "ChessBase"]
[SourceDate "2017.10.13"]
[SourceVersion "1"]
[SourceVersionDate "2017.10.13"]
[SourceQuality "1"]

1. e4 e5 2. Nf3 Nc6 3. d4 exd4 4. Bc4 Bc5 5. c3 d3 6. Qxd3 Nge7 7. Bxf7+ Kxf7 8. Qc4+ d5 9. Qxc5 Re8 10. 0-0 Kg8 11. exd5 b6 12. Qc4 Nxd5 13. Qxc6 Bg4 14. Bg5 Nf6 15. Bxf6 gxf6 16. Na3 Re6 17. Qc4 Kh8 18. Qxg4 Qe7 19. Rae1 Rxe1 20. Rxe1 Qf7 21. h3 Rg8 22. Qf4 Qg6 23. g3 h5 24. Nh4 Qg5 25. Qxg5 fxg5 26. Nf5 1-0

[Event "London Golders Green op U1900 4th"]
[Site "London"]
[Date "2014.08.23"]
[Round "2"]
[White "Rubeck, Jonathan"]
[Black "Winter, Malcolm J"]
[Result "1/2-1/2"]
[WhiteElo "1788"]
[BlackElo "1557"]
[PlyCount "113"]
[EventDate "2014.08.23"]
[EventType "swiss"]
[EventRounds "6"]
[EventCountry "ENG"]
[SourceTitle "EXT 2018"]
[Source "ChessBase"]
[SourceDate "2017.10.13"]
[SourceVersion "1"]
[SourceVersionDate "2017.10.13"]
[SourceQuality "1"]

1. e4 c6 2. d4 d5 3. f3 dxe4 4. fxe4 e5 5. Nf3 exd4 6. Bd3 Bg4 7. 0-0 Nd7 8. Qe1 Bxf3 9. Rxf3 Ne5 10. Rf1 Nf6 11. Bg5 Be7 12. Nd2 0-0 13. Nf3 Nfd7 14. Bf4 Nxd3 15. cxd3 c5 16. Kh1 Nf6 17. Rc1 Rc8 18. Qe2 b5 19. Rfd1 a5 20. h3 a4 21. Bg5 Nh5 22. Qd2 Bxg5 23. Qxg5 Qxg5 24. Nxg5 h6 25. Nf3 Nf4 26. Kh2 Rfd8 27. g3 Ne6 28. Rf1 f6 29. e5 Rf8 30. b3 axb3 31. axb3 Ra8 32. h4 Ra3 33. exf6 Rxf6 34. Rb1 Nc7 35. Kh3 Nd5 36. Nd2 Rxf1 37. Rxf1 Ne3 38. Rc1 Ra2 39. Ne4 Rc2 40. Rxc2 Nxc2 41. Nxc5 Kf7 42. Kg4 Ke7 43. Kf5 Kd6 44. Ne4+ Kd5 45. Kg6 Ne1 46. Kxg7 Nxd3 47. Nd2 Nf2 48. Kxh6 d3 49. Kg6 Kd4 50. h5 Ng4 51. Kg5 Ne5 52. Kf4 Kc3 53. Ne4+ Kd4 54. g4 Nxg4 55. Nd2 Nh6 56. Ne4 b4 57. Kf3 1/2-1/2